000 00388nam a22001577a 4500
020 _a81-7204-472-0
082 _a894.812.1
_bKOD/J
100 _aKODUVALLY, ABDULLATHEEF
245 _aJUHA KATHAKAL
250 _a1
260 _aCALICUT
_bPRATHEEKSHA BOOKS
_c2009
300 _a101
520 _aIT MAKES CHILDREN LAUGH AND THINK
650 _aMALAYALAM SHORT STORY
_zKERALA
942 _cBK
999 _c1337
_d1337